Электронная микроскопия опухолей мягких тканей: монография/

Библиографическая информация
Главные авторы: Ягубов, А. С. (Автор), Кац, В. А. (Автор)
Другие авторы: Краевский, Н. А. патологическая анатомия 19050917 Николай Александрович (Редактор), Непомнящих, Л. М. патологическая анатомия 19370225-20150823 Лев Моисеевич (Редактор)
Формат: Книга
Язык:Russian
Публикация: Новосибирск: Наука. Сибирское отделение 1984
Предметы:
Online-ссылка:Перейти в каталог НМБ СибГМУ
LEADER 01440nam a2200241 i 4500
001 LibSMU0000011603
008 991231s1984 ru_ l000 0yrus d
020 |c р3.00 
040 |a И. Ларкович  |b rus 
100 1 |a Ягубов, А. С.  |4 aut 
245 0 0 |a Электронная микроскопия опухолей мягких тканей:   |b монография/  |c А. С. Ягубов, В. А. Кац ; ред.: Н. А. Краевский, Л. М. Непомнящих 
260 |a Новосибирск:  |b Наука. Сибирское отделение  |c 1984 
300 |a 168 с. 
535 2 |a НМБ СибГМУ г.Томск  |d https://lib.ssmu.ru  |s 63480700 
653 0 |a ткани 
653 0 |a новообразования 
653 0 |a микроскопия 
852 |a НМБ СибГМУ  |h 616-006  |i Я310  |p 398221  |b анл 
080 |a 616-006 
700 1 |a Кац, В. А.  |4 aut 
700 1 |a Краевский, Н. А.  |c патологическая анатомия  |d 19050917  |q Николай Александрович  |4 edt 
700 1 |a Непомнящих, Л. М.  |c патологическая анатомия  |d 19370225-20150823  |q Лев Моисеевич  |4 edt 
856 |y Перейти в каталог НМБ СибГМУ  |u https://irbis64.ssmu.ru/cgi-bin/irbis64r_14/cgiirbis_64.exe?Z21ID=&P21DBN=BOOK&I21DBN=BOOK&S21FMT=fullwebr&C21COM=S&2_S21P02=0&2_S21P03=I=&2_S21STR=616-006/Я310-817721